000 00343nam a2200133Ia 4500
005 20260328101526.0
008 260328s9999||||xx |||||||||||||| ||und||
100 _aBarney Caldas, Benjamín
245 0 _aIntroducción a la Arquitectura /
_cBenjamín Barney Caldas
260 _b----
300 _a56 p.
650 _aARQUITECTURA
942 _cBK
999 _c9805
_d9805